000 01428nam0a22002891 4500
001 rc\604816
005 20251110144506.0
035 _a(NLR Aleph) 005848974
090 _a5758413
_c5758413
100 _a20031121d1986 u |0rusy50 ca
101 0 _arus
102 _aRU
105 _aa |||||||||
200 1 _aПроблемы управления кадровым обеспечением химической промышленности
_fК. т. н. Л.А. Кузьмина, к. э. н. В.С. Ефремов
210 _aМ.
_cНИИТЭХИМ
_d1986
215 _a52 с.
_cил.
_d20
225 1 _aХимическая промышленность и промышленность по производству минеральных удобрений
_iСерия "Общеотраслевые вопросы"
_eОбзор. информ.
_fМ-во хим. пром-сти, М-во по пр-ву минер. удобрений, НИИ техн.-экон. исслед.
_vВып. 8 (250)
300 _aНа обл. авт. не указаны
320 _aБиблиогр.: с. 51
700 1 _aКузьмина
_bЛ. А.
_gЛюдмила Алексеевна
701 1 _aЕфремов
_bВ. С.
_cд-р экон. наук
_gВиктор Степанович
_3RU\NLR\AUTH\7770297
801 0 _aRU
_bNLR
_gpsbo
801 1 _aRU
_bELAR
_2rusmarc
852 _aNLR
_jП52/181
942 _cBOOK
980 _aNB